| 000 -ლიდერი |
| ფიქსირებული სიგრძის საკონტროლო ველი |
02093nam a22002297a 4500 |
| 003 - საკონტროლო ნომრის იდენტიფიკატორი |
| საკონტროლო ველი |
Ge_BSU |
| 005 - ბოლო ოპერაციის თარიღი და დრო |
| საკონტროლო ველი |
20230614153829.0 |
| 008 - ფიქსირებული სიგრძის მონაცემთა ელემენტები - ზოგადი ინფორმაცია |
| ფიქსირებული სიგრძის საკონტროლო ველი |
230614s2017 ge ||||| |||| 00| 0 geo d |
| 041 ## - ენის კოდი |
| Language code of text/sound track or separate title |
geo |
| 080 ## - უნივერსალური ათობითი კლასიფიკაციის ინდექსი |
| Universal Decimal Classification number |
271.22(479.22)(09) ვ-21 |
| 100 ## - მთავარი ჩანაწერი - პიროვნების სახელი |
| Personal name |
ვარდოსანიძე, სერგო |
| 9 (RLIN) |
18709 |
| 245 ## - ცნობა სათაურის შესახებ |
| Title |
საქართველოს მართლმადიდებელი სამოციქულო ეკლესიის ასწლოვანი მატიანე (1917-2017 წ.წ.) / |
| Statement of responsibility, etc |
სერგო ვარდოსანიძე; რედაქტორი როინ მეტრეველი; საქ. საპატრიარქოს წმ. ანდრია პირველწოდებულის სახ. ქართული უნ-ტი. |
| 264 ## - წარმოების, გამოცემის, დისტრიბუციის და სხვა ცნობები |
| გამოცემის, წარმოების, დისტრიბუციის... ადგილი |
თბილისი, |
| გამოცემის, წარმოების, დისტრიბუციის... თარიღი |
2017. |
| 300 ## - ფიზიკური აღწერა |
| Extent |
650 გვ. : |
| Other physical details |
ფოტ. ; |
| Dimensions |
30 სმ. |
| 500 ## - ზოგადი შენიშვნა |
| General note |
ეძღვნება საქართველოს მართლმადიდებელი სამოციქულო ეკლესიის ავტოკეფალიის აღდგენის 100, სრულიად საქართველოს კათოლიკოს-პატრიარქის უწმიდესისა და უნეტარესის ილია II-ის დაბადების 85 და პატრიარქად აღსაყდრების 40 წლისთავს. |
| 504 ## - BIBLIOGRAPHY, ETC. NOTE |
| Bibliography, etc |
ბიბლიოგრ. თავების ბოლოს. |
| 520 ## - SUMMARY, ETC. |
| Summary, etc |
რეზიუმე ინგლ. ენაზე. |
| 653 ## - INDEX TERM--UNCONTROLLED |
| Uncontrolled term |
ქართული მართლმადიდებლური ეკლესიის ისტორია |
| 700 ## - ADDED ENTRY--PERSONAL NAME |
| Personal name |
მეტრეველი, როინ |
| Relator term |
რედაქტორი. |
| 9 (RLIN) |
18710 |
| 710 ## - ADDED ENTRY--CORPORATE NAME |
| Corporate name or jurisdiction name as entry element |
საქ. საპატრიარქოს წმ. ანდრია პირველწოდებულის სახ. ქართული უნ-ტი. |
| 9 (RLIN) |
18711 |
| 942 ## - ADDED ENTRY ELEMENTS (KOHA) |
| Source of classification or shelving scheme |
|
| Koha item type |
წიგნი |